000
00292nam a2200109Ia 4500
008
190216s9999||||xx |||||||||||||| ||und||
100
_a
Gupta V K&Amp;Varshaneya
245
0
_a
Embryology Of Angiosperms
260
_b
"Avadh Prakashan , Agra"
650
_a
Books Notable For Bindings
942
_c
BK
999
_c
1320
_d
1320